00953pam a2200277 a 45000010008000000030004000080050017000120080041000290200018000700400018000880500022001060820018001281000022001462450079001682500012002472600056002593000029003154900024003445000020003686500029003886500025004176500026004428000044004688560074005128560089005864000348OSt20150408114102.0961216s1997 enka 001 0 eng  a9781906659387 aDLCcDLCdDLC00aHG4637b.M55 199700a332.632222211 aMillard, Brian J.10aChannel analysis :bthe key to share price prediction /cBrian J. Millard. a2nd ed. aChichester, England ;aNew York :bJ. Wiley,c2010. a219 p. :bill. ;c25 cm.1 aMillard on-- series aIncludes index. 0aStock price forecasting. 0aInvestment analysis. 0aPortfolio management.1 aMillard, Brian J.tMillard on-- series.4 3Table of Contentsuhttp://www.loc.gov/catdir/toc/onix04/96046490.html423Publisher descriptionuhttp://www.loc.gov/catdir/enhancements/fy0706/96046490-d.html